000 00673nam a2200289Ia 4500
005 20260324142857.0
008 008 260324s9999 xx 000 0 eng d
020 _a9780203772744
037 _aEBOOK
040 _aCRL
040 _beng
040 _cCRL
041 _2eng
041 _aeng
084 _qCRL
100 _aN. John Castellan
_91213559
245 0 _aIndividual and Group Decision Making
245 0 _bCurrent Issues
260 _bTaylor and Francis
260 _c1993
365 _a
365 _b230
856 _uhttp://www.taylorfrancis.com/books/9780203772744
942 _cEBOOK
999 _c1818293
_d1818293